ARRUPE JESUIT UNIVERSITY

CORONAVIRUS -STOP THE SPREAD - CLEAN,DISINFECT,COVER

Virtue's catholic encyclopedia (Record no. 125585)

MARC details
000 -LEADER
fixed length control field 00407nam a22001337a 4500
008 - FIXED-LENGTH DATA ELEMENTS--GENERAL INFORMATION
fixed length control field 161026b xxu||||| |||| 00| 0 eng d
050 ## - LIBRARY OF CONGRESS CALL NUMBER
Classification number REF BX 841.V5 1965
100 ## - MAIN ENTRY--PERSONAL NAME
Personal name Quin, Mabel
9 (RLIN) 27026
245 ## - TITLE STATEMENT
Title Virtue's catholic encyclopedia
Statement of responsibility, etc / Mabel Quin
260 ## - PUBLICATION, DISTRIBUTION, ETC. (IMPRINT)
Place of publication, distribution, etc London
Name of publisher, distributor, etc Virtue & Company
Date of publication, distribution, etc 1965
300 ## - PHYSICAL DESCRIPTION
Extent xv,344p.;
Dimensions 25cm.
650 ## - SUBJECT ADDED ENTRY--TOPICAL TERM
Topical term or geographic name as entry element Catholic church
General subdivision Dictionaries
9 (RLIN) 27027
942 ## - ADDED ENTRY ELEMENTS (KOHA)
Source of classification or shelving scheme Library of Congress Classification
Item type Monograph ( Printed materials)
Holdings
Withdrawn status Lost status Source of classification or shelving scheme Damaged status Not for loan Collection code Home library Current library Shelving location Date acquired Total Checkouts Full call number Barcode Date last seen Copy number Price effective from Koha item type
    Library of Congress Classification     REFERENCE ARRUPE LIBRARY ARRUPE LIBRARY Reference 26/10/2016   REF BX 841.V5 1965 46500010020 26/10/2016 v.1 26/10/2016 Monograph ( Printed materials)
    Library of Congress Classification     REFERENCE ARRUPE LIBRARY ARRUPE LIBRARY Reference 26/10/2016   REF BX 841.V5 1965 46500010021 26/10/2016 v.2 26/10/2016 Monograph ( Printed materials)
    Library of Congress Classification     REFERENCE ARRUPE LIBRARY ARRUPE LIBRARY Reference 26/10/2016   REF BX 841.V5 1965 46500010022 26/10/2016 v.3 26/10/2016 Monograph ( Printed materials)

 

Arrupe Library. PO Box MP320 Mt Pleasant, Harare, Zimbabwe
263 242 745411|librarian@aju.ac.zw